000 00405nam a2200157Ia 4500
008 230524s9999 xx 000 0 und d
082 _a658.56
_bKAC
100 _aUpendra Kachru
245 0 _aProduction and Operations Management Text And Cases
250 _aIST
260 _aNEW DELHI
_bExcel Books
_c2008
300 _aVI;807
500 _aQuantity Number: 5
650 _aManagement
942 _cBK
999 _c41371
_d41371